000 03161na a2200457 4500
001 19192
003 MIRAKIL
005 20181213155107.0
008 161222b tu 000 0
040 _aMilas
_btur
_cTR-AnCHP
041 _atur
082 _aCHP 324.2172092
_bB29c [2001]
090 _aBROŞÜR 10
100 _aBaykal, Deniz
222 _aCHP Genel Başkanı Deniz Baykal'ın konuşmaları
245 _aCHP Genel Başkanı Deniz Baykal'ın konuşmaları
_b[30 Eylül 2000- 7 Temmuz 2001]
_cDeniz Baykal
260 _a[Ankara]
_b[CHP]
_c[2001]
300 _a108 s.
_c20 sm.
490 _aCumhuriyet Halk Partisi yayınları
505 _a29.Kurultay'da yaptığı sunuş konuşması (30 Haziran 2001), TV8 televizyonu 'Bakış' programında yaptığı açıklamalar (4 Temmuz 2001), CHP parti meclisi toplantısında yaptığı konuşma (7 Temmuz 2001), Bilim-kültür- yönetim platformunda, 'Partinin yeniden yapılanması' konusunda yaptığı konuşma (13 Haziran 2001), 11.Olağanüstü Kurultay'da yaptığı sunuş konuşması (30 Eylül 2000), CHP parti meclisinde yaptığı konuşmalardan bölümler: Kültürel çoğulculuk 'Eğitimde ve televizyonda dil konusu' (09 Aralık 2000), Anadolu Solu: Anadolu aydınları yüzyıllar boyu 'önce insan' diyerek günümüze ışık tutmuşlardır.(09 Aralık 2000) 'Bilim yönetim kültür platformu' toplantısında yaptığı konuşma (06 Nisan 2001), 'CHP Ekonomi masası Silivri ekonomi formunda' yaptığı basın açıklaması (11 Mart 2001), Kızılcahamam enerji komisyonu toplantısında yaptığı basın açıklaması (08 Nisan 2001).
600 _aBaykal, Deniz
_cCHP Genel Başkanı
_xKonuşmalar, 2001
600 _aBaykal, Deniz
_cCHP Genel Başkanı
_xKonuşmalar, 2000
610 _aCHP
_xSöylev ve demeçler
_yBaykal dönemi
650 _aCHP Genel başkanları
_xBaykal, Deniz
_yKonuşmalar, 2001
650 _aCHP Genel başkanları
_xBaykal, Deniz
_yKonuşmalar, 2000
657 _aDeniz Baykalın konuşmaları
710 _aCHP
711 _aCHP Olağanüstü Kurultayı
_cAnkara
_d30 Eylül 2000
_n11.
740 _aKızılcahamam enerji komisyonu toplantısında yaptığı basın açıklaması (08 Nisan 2001)
740 _aCHP Ekonomi masası Silivri ekonomi formunda' yaptığı basın açıklaması (11 Mart 2001)
740 _aBilim yönetim kültür platformu toplantısında yaptığı konuşma (06 Nisan 2001)
740 _aCHP parti meclisinde yaptığı konuşmalardan bölümler: Kültürel çoğulculuk ' Eğitimde ve televizyonda dil konusu (09 Aralık 2000)
740 _a11.Olağanüstü Kurultay'da yaptığı sunuş konuşması (30 Eylül 2000)
740 _aBilim-kültür- yönetim platformunda, Partinin yeniden yapılanması' konusunda yaptığı konuşma (13 Haziran 2001)
740 _aCHP parti meclisi toplantısında yaptığı konuşma (7 Temmuz 2001)
740 _aTV8 televizyonu 'Bakış' programında yaptığı açıklamalar (4 Temmuz 2001)
740 _a29. Kurultay'da yaptığı sunuş konuşması (30 haziran 2001)
830 _aCHP yayınları
942 _2dcc
_cBKS
999 _c6401
_d6401